Música portuguesa - Statistics

Estatísticas Gerais
  • Esse quiz foi jogado 58 vezes
  • A pontuação média é 8 de 15
Estatísticas das Respostas
Hint Resposta % Correto
Sonhos de Menino Tony Carreira
88%
A vida toda Carolina Deslandes
77%
O meu nome é Rebeca Rebeca
75%
Pica do 7 António Zambujo
69%
Voltas Fernando Daniel
69%
Tu e eu Diogo Piçarra
60%
Porque ainda te amo Mickael Carreira
60%
Anda Comigo David Carreira
54%
Rosa Sangue Marisa Liz
44%
Do lado do Amor Toy
37%
Eu não sei quem te perdeu Pedro Abrunhosa
35%
Perfeito Coração Amália Rodrigues
29%
Desajeitado André Amaro
25%
Frágil Aurea
25%
Acordar Syro
19%
Nenhum quiz correspondente encontrado
Distribuição das Pontuações
Porcentagem de Pessoas com Cada Pontuação
Percentil de Números Respondidos
Sua Pontuação Histórica
Você não jogou esse quiz